000 00316nam a22001337a 4500
008 181217b xxu||||| |||| 00| 0 eng d
020 _a0801681014
041 _aeng
080 _23rd
_a159.9
100 _a48
101 _aPSI
245 _aHandbook of Drug Therapy in Psychiatry
_cBernstein,J.G
942 _2udc
_cBK
999 _c53182
_d53182